00345nam a22001457a 4500003000400000020001800004082001400022100001800036245004700054250000800101260003000109300000800139650001200147653004000159SGT a9789354665691 a611bH24C aCHAURASIA, BD aBD CHAURASIA'S HANDBOOK OF GENERAL ANATOMY a7TH aNEW DELHIbCBS PUB.c2024 a450 aANATOMY aGENERAL ANATOMY, ANATOMY, HANDBOOK